| 000 | 00399nam a22001697a 4500 | ||
|---|---|---|---|
| 005 | 20160520140955.0 | ||
| 008 | 160520b xxu||||| |||| 00| 0 eng d | ||
| 020 | _a978-93-50593-36-3 | ||
| 041 | _aeng | ||
| 082 | _b3592 | ||
| 100 |
_aSharma J.K. _961 |
||
| 245 | _aOperation Research Theory and Applications | ||
| 260 | _bMac Millan | ||
| 300 | _a943 | ||
| 650 |
_aManagement _9241 |
||
| 942 | _cBK | ||
| 999 |
_c1215 _d1215 |
||